岩手県の市町村(1960年) - Statistics

General Stats
  • This quiz has been taken 48 times
  • The average score is 53 of 63
Answer Stats
No. 市町村 備考 % Correct
1 盛岡市
100%
5 大船渡市
100%
7 花巻市
100%
3 宮古市
97%
4 一関市
97%
11 陸前高田市
97%
34 西磐井郡 平泉町
97%
2 釜石市
94%
6 水沢市 2006年消滅
94%
8 北上市
94%
9 久慈市
94%
12 江刺市 2006年消滅
94%
13 岩手郡 岩手町
94%
47 下閉伊郡 岩泉町
94%
10 遠野市
91%
17 岩手郡 滝沢村 2014年昇格
91%
44 上閉伊郡 大槌町
91%
46 下閉伊郡 山田町
91%
49 下閉伊郡 田野畑村
91%
50 下閉伊郡 普代村
91%
58 九戸郡 九戸村
91%
60 二戸郡 一戸町
91%
15 岩手郡 葛巻町
88%
20 紫波郡 紫波町
88%
21 紫波郡 矢巾村 1966年昇格
88%
26 和賀郡 和賀町 1991年消滅
88%
55 九戸郡 野田村
88%
36 東磐井郡 千厩町 2005年消滅
84%
42 気仙郡 住田町
84%
53 九戸郡 軽米町
84%
54 九戸郡 種市町 2006年消滅
84%
14 岩手郡 雫石町
81%
31 胆沢郡 金ケ崎町
81%
40 東磐井郡 室根村 2005年消滅
81%
18 岩手郡 松尾村 2005年消滅
78%
22 紫波郡 都南村 1992年消滅
78%
27 和賀郡 江釣子村 1991年消滅
78%
28 和賀郡 湯田村 1964年昇格
78%
30 胆沢郡 前沢町 2006年消滅
78%
33 胆沢郡 胆沢村 1967年昇格
78%
35 西磐井郡 花泉町 2005年消滅
78%
37 東磐井郡 大東町 2005年消滅
78%
48 下閉伊郡 田老町 2005年消滅
78%
56 九戸郡 山形村 2006年消滅
78%
59 二戸郡 福岡町 1972年消滅
78%
62 二戸郡 安代町 2002年郡変
78%
16 岩手郡 玉山村 2006年消滅
75%
19 岩手郡 西根村 1961年昇格
75%
24 稗貫郡 石鳥谷町 2006年消滅
75%
25 和賀郡 東和町 2006年消滅
75%
29 和賀郡 沢内村 2005年消滅
75%
43 気仙郡 三陸村 1967年昇格
75%
45 上閉伊郡 宮守村 2005年消滅
75%
57 九戸郡 大野村 2006年消滅
75%
61 二戸郡 浄法寺町 2006年消滅
75%
23 稗貫郡 大迫町 2006年消滅
72%
32 胆沢郡 衣川村 2006年消滅
72%
39 東磐井郡 東山町 2005年消滅
72%
41 東磐井郡 川崎村 2005年消滅
72%
52 下閉伊郡 川井村 2010年消滅
72%
63 二戸郡 金田一村 1972年消滅
72%
38 東磐井郡 藤沢町 2011年消滅
69%
51 下閉伊郡 新里村 2005年消滅
69%
No matching quizzes found
Score Distribution
Percent of People with Each Score
Percentile by Number Answered
Your Score History
You have not taken this quiz